000 00758nam a2200241Ia 4500
005 20250425162346.0
008 250425s9999 xx 000 0 und d
020 _a9789978867778
041 _aspa
043 _aec
082 _a341.02636
100 _aCORPORACION, DE ESTUDIOS Y PUBLICACIONES
245 0 _aLEY ORGANICA DEL SISTEMA NACIONAL DE CONTRATACION PUBLICA LEGISLACION CONEXA CONCORDANCIAS
250 _a1A ED.
260 _aEcuador
_bCORPORACION DE ESTUDIOS Y PUBLICACIONES
_c2008
260 _aQUITO
_bCORPORACION DE ESTUDIOS Y PUBLICACIONES
300 _a126
650 _aCONTRATACION PUBLICA-LEGISLACION
650 _aCONTRATOS PUBLICOS
710 _aCORPORACION DE ESTUDIOS Y PUBLICACIONES
942 _c01
010 _a65476
999 _c227620
_d227620